Score 0/12 Timer 01:30
1 Play Today
% Correct
The Simpsons
97.3%
Everybody Hates Chris
95.9%
Friends
95.4%
Bewitched
92.8%
Married...with Children
92.3%
The Big Bang Theory
91.9%
King of the Hill
88.5%
The Cleveland Show
86.2%
Frasier
85.7%
Home Improvement
85.2%
My Three Sons
80.7%
The Drew Carey Show
78.9%

Today's Daily Dose

Remove Ads.
Support Sporcle.
Get the best of Sporcle when you Go Orange. This ad-free experience offers more features, more stats, and more fun while also helping to support Sporcle. Thank you for becoming a member.

You're not logged in!

Compare scores with friends on all Sporcle quizzes.
OR
Log In

Show Comments

Extras

Top Quizzes Today


Score Distribution

Your Account Isn't Verified!

In order to create a playlist on Sporcle, you need to verify the email address you used during registration. Go to your Sporcle Settings to finish the process.

Report this User

Report this user for behavior that violates our Community Guidelines.

Details: